000 02155nam a2200421Ii 4500
001 DIGEDUNAV0411
003 NyNyDIG
006 m o d
007 cr |||||||||||
008 220604s2016 sp o 100 0 spa d
035 _a(OCoLC)1333701752
040 _aDGITA
_beng
_erda
_epn
_cDGITA
020 _z9788431331641
050 1 4 _aPQ6358.A7 ebook
245 0 0 _aRecreaciones quijotescas y cervantinas en las artes :
_bCervantes y su obra /
_cCarlos Mata Induráin (ed.)
264 1 _aPamplona, España :
_bEUNSA, Ediciones Universidad de Navarra,
_c[2016]
300 _a1 online resource.
336 _atext
_btxt
_2rdacontent
337 _acomputer
_bc
_2rdamedia
338 _aonline resource
_bcr
_2rdacarrier
347 _atext file
_2rdaft
347 _bPDF
490 1 _aAnejos de RILCE ;
_v63
500 _a"Los días 11 y 12 de diciembre de 2014 se celebró en la Universidad de Navarra el Congreso Internacional "Recreaciones quijotescas y cervantinas en las artes / Cervantes y su obra", coorganizado en esta ocasión por GRISO-Universidad de Navarra y el Groupe de recherche sur la Civilisation et la Littérature Espagnoles du Siècle d'Or (CLESO) de la Université de Toulouse-Le Mirail--Pages 7-8.
588 0 _aOnline resource; title from PDF title page (Digitalia, viewed June 4, 2022)
600 1 0 _aCervantes Saavedra, Miguel de,
_d1547-1616
_xCharacters
_vCongresses.
600 1 0 _aCervantes Saavedra, Miguel de, 1547-1616
_xDramatic production
_vCongresses.
600 1 0 _aQuixote,
_cDon (Fictitious character)
_xArt
_vCongresses.
655 0 _aElectronic books.
700 1 _aMata Induráin, Carlos,
_eeditor.
791 2 _aDigitalia (Firm),
_edistributor.
793 0 _gDigitalia eBook Collection:
_aEdiciones Universidad de Navarra
776 0 8 _iPrint version:
_tRecreaciones quijotescas y cervantinas en las artes.
_bPrimera edición.
_dPamplona, España : EUNSA, Ediciones Universidad de Navarra, [2016]
_z9788431331641
830 0 _aNúmeros anejos de RILCE ;
_vno. 63.
856 4 0 _3Digitalia Hispánica
_uhttps://www.digitaliapublishing.com/a/51621/
910 _aPremium collection: 2022
942 _cRAA
999 _c252744
_d252744